Toute la discographie de SCH - Statistiques

Statistiques générales
  • Ce quiz a été pris 43 fois
  • Le résultat moyen est 45 sur 177
Statistiques - réponses
Albums / Mixtapes Titres % Correct
A7
89%
Fusil
75%
Album - Anarchie (2016) Anarchie
67%
Otto
67%
Mixtape - A7 (2015) John Lennon
64%
Autobahn
58%
Gomorra
58%
Le code
58%
Champs-Élysées
56%
Loup noir
53%
Bénéfice
50%
Je la connais
50%
La nuit
50%
Solides
50%
Ciel rouge
47%
Interlude
47%
Marché noir
47%
Album - Deo Favente (2017) Comme si
44%
Deux mille
44%
Liquides
44%
Pharmacie
44%
Prêt à partir
44%
Rêves de gosses
44%
Himalaya
42%
Ivresse & Hennessy
42%
Le doc
42%
Mannschaft
42%
Baden Baden
39%
Cannelloni
39%
Corrida
39%
Pas de manières
39%
Prequel
39%
Tokarev
39%
VNTM
39%
Allo maman
36%
Cartine Cartier
36%
Album - Rooftop (2019) Cervelle
36%
Album - Revendiquer ma zone (2009) Intro
36%
Les hommes aux yeux noirs
36%
Mayday
36%
Soldi famiglia
36%
Ah gars
33%
Ciel bleu
33%
Fournaise
33%
Genny & Ciro
33%
LIF
33%
MAC 11
33%
Météore
33%
Neuer
33%
Nino Brown
33%
Skydweller
33%
Stigmates
33%
Aluminium
31%
Crack
31%
Dix-neuf
31%
Drogue prohibée
31%
Facile
31%
J'reviens de loin
31%
La pluie
31%
Mode Akimbo
31%
Mort de rire
31%
Murcielago
31%
R.A.C.
31%
Super Silver Haze
31%
6.45i
28%
All Eyes On Me
28%
Ça ira
28%
Gedeon
28%
Le taulier
28%
Missiles
28%
Pas la paix
28%
Quartiers nord
28%
Rose noire
28%
Tempête
28%
Temps mort
28%
Crois-moi
25%
Fantôme
25%
Frime
25%
Incompris
25%
J'attends
25%
Miroirs
25%
Petit coeur
25%
Poupée russe
25%
Trop énorme
25%
Zone à danger
25%
02:00
22%
Alleluia
22%
Assoces
22%
Beaux-Arts
22%
Ça va
22%
CEO - Bonus
22%
Ciment
22%
Garcimore
22%
J't'en prie
22%
Mafia
22%
Mixtape - Autobahn (2022) Magnum
22%
Ma kush
22%
Mauvaises idées
22%
Multirécidiviste
22%
Niobe
22%
Tant pis
22%
Allez leur dire
19%
Balafres
19%
Batterie vide
19%
Calabre
19%
Day Date
19%
Euro
19%
Gris
19%
Haut standing
19%
Hells Kitchen
19%
Interlude - 420 mètres
19%
Interlude - Beretta 92FS
19%
Album - JVLIVS (2018) Intro - Le déluge
19%
La battue
19%
La recette
19%
Les années de plomb
19%
Marginaux
19%
Quand on était mômes
19%
Actes
17%
Adorable - Bonus
17%
Dernière ligne droite
17%
Essuie tes larmes
17%
Album - JVLIVS II (2021) Gibraltar
17%
Album - JVLIVS Prequel : Giulio Le baptême
17%
Paye
17%
Quoi
17%
Slow Mo
17%
Tirer un trait
17%
Dans la tête
14%
Grand bain
14%
Interlude - Avversita
14%
Album - JVLIVS III : Ad Finem Intro - Ego sum
14%
Jimmy Twice
14%
Lilou Dallas
14%
Madre Mia
14%
Parano
14%
Plus rien à se dire
14%
Raisons
14%
Transmission Automatique
14%
Blanc Bleu
11%
D'hier à aujourd'hui
11%
Every Day
11%
Hold up
11%
Interlude - Jour d'octobre
11%
La renaissance
11%
Le coup d'avance
11%
L'Opinel
11%
Solitude
11%
83K
8%
Blue Bahamas
8%
Coeur de môme
8%
Comme avant
8%
Innocents
8%
King
8%
Offshore
8%
Vivienne Westwood
8%
Anamnèse
6%
Bonus
6%
DLB
6%
Prise de conscience
6%
Hells Angels - Bonus
3%
Album - Prise de conscience (2011) Lampadaire
3%
Lumière blanche (ad Finem)
3%
13400 Matricule*
0%
Aie aie aie
0%
Astero Weed
0%
C'qu'ils veulent*
0%
Dans les classiques
0%
Invincible
0%
Katrina
0%
Ma musique
0%
Mon p'tit skandale*
0%
Questions existencielles
0%
RMZ
0%
Street soirée
0%
Tout c'que j'ai*
0%
Aucun quiz correspondant
Distribution des résultats
% des personnes avec chaque résultat
Percentile par nombre de réponses
Votre historique - résultats
Vous n’avez pas pris ce quiz